000 00631nam a2200181Ia 4500
008 151202s9999||||xx |||||||||||||| ||und||
082 _bPNVM-45272
100 _aचौारी बहिणाबाई.
245 _aबहिणाबाईंची गाणी.
260 _bसुचित्रा प्रकाशन.
260 _c2002
300 _a113
600 _aचौारी बहिणाबाई.
630 _aबहिणाबाईंची गाणी.
700 _aचौारी बहिणाबाई.
730 _aबहिणाबाईंची गाणी.
942 _cBOOK
999 _c1311223
_d1311220